MARC

LEADER 00000nam0a2200000 4500
001 260384
005 20231101233455.0
035 |a (RuTPU)RU\TPU\book\283332 
090 |a 260384 
100 |a 20140515d1971 km y0rusy50 ca 
101 0 |a rus 
102 |a RU 
105 |a a z 001zy 
200 1 |a Полюса Редже в физике частиц  |e пер. с англ.  |f П. Коллинз, Ю. Сквайрс 
210 |a Москва  |c Мир  |d 1971 
215 |a 351 с.  |c ил. 
320 |a Библиогр.: с. 334-344. 
320 |a Предметный указатель: с. 345-347. 
606 1 |a Редже полюса  |x (физика)  |2 stltpush  |3 (RuTPU)RU\TPU\subj\24207  |9 48622 
610 1 |a S-матрицы 
610 1 |a сингулярности 
610 1 |a кроссинг 
610 1 |a парциальные амплитуды 
610 1 |a проекция Грибова-Фруассара 
610 1 |a граница Фруассара 
610 1 |a преобразование Зоммерфельда-Ватсона 
610 1 |a представление Чью-Джонса 
610 1 |a представление Хури-Джонса 
610 1 |a спин 
610 1 |a зашнуровка 
610 1 |a теория возмущений 
610 1 |a элементарные частицы 
610 1 |a экспериментальные ситуации 
610 1 |a обзор 
675 |a 539.121.7  |v 3 
700 1 |a Коллинз  |b П. 
701 1 |a Сквайрс  |b Ю. 
801 1 |a RU  |b 63413507  |c 20140515 
801 2 |a RU  |b 63413507  |c 20140519  |g RCR 
942 |c BK